| 000 | 00456cam a2200145 4500500 | ||
|---|---|---|---|
| 005 | 20251012022912.0 | ||
| 041 | _afre | ||
| 042 | _adc | ||
| 100 | 1 | 0 |
_aPiron, Sylvain _eauthor |
| 245 | 0 | 0 | _aL’ami de l’ogre : Trump décrypté |
| 260 | _c2025. | ||
| 500 | _a21 | ||
| 786 | 0 | _nLa Pensée écologique | 11 | 1 | 2025-07-10 | p. 229-250 | |
| 856 | 4 | 1 | _uhttps://shs.cairn.info/revue-la-pensee-ecologique-2025-1-page-229?lang=fr&redirect-ssocas=7080 |
| 999 |
_c1540853 _d1540853 |
||